30 nombres en 30 secondes - Clic Quiz - Statistiques

Statistiques générales
  • Ce quiz a été pris 9 789 fois
  • Le résultat moyen est 20 sur 30
Statistiques - réponses
Hint Réponse % Correct
1
1
67%
10
10
67%
12
12
67%
15
15
67%
19
19
67%
2
2
67%
21
21
67%
8
8
67%
9
9
67%
11
11
66%
18
18
66%
20
20
66%
25
25
66%
26
26
66%
28
28
66%
4
4
66%
5
5
66%
7
7
66%
16
16
65%
17
17
65%
22
22
65%
23
23
65%
24
24
65%
27
27
65%
29
29
65%
3
3
65%
30
30
65%
6
6
65%
13
13
64%
14
14
64%
Aucun quiz correspondant
Distribution des résultats
% des personnes avec chaque résultat
Percentile par nombre de réponses
Votre historique - résultats
Vous n’avez pas pris ce quiz